[Event "Pan American Intercollegiate-chT"]
[Site "Charlotte"]
[Date "2019.12.27"]
[Round "1.4"]
[White "Jaffe, Joel"]
[Black "Baryshpolets, Andrey"]
[Result "0-1"]
[WhiteElo "1978"]
[BlackElo "2564"]
[PlyCount "144"]
[EventDate "2019.12.27"]
[EventType "team-swiss"]
[EventRounds "6"]
[EventCountry "USA"]
[SourceTitle "CBM 194 Extra"]
[Source "ChessBase"]
[SourceDate "2020.03.31"]
[SourceVersion "1"]
[SourceVersionDate "2020.03.31"]
[SourceQuality "1"]
[WhiteTeam "Ohio State Univ"]
[BlackTeam "Texas Tech Univ"]
[WhiteTeamCountry "USA"]
[BlackTeamCountry "USA"]

1. e4 c5 2. d4 cxd4 3. c3 Nf6 4. e5 Nd5 5. Nf3 Nc6 6. Bc4 e6 7. cxd4 d6 8. exd6 Bxd6 9. 0-0 0-0 10. Nc3 Nxc3 11. bxc3 Be7 12. Bd3 b6 13. Re1 Bb7 14. Bd2 Bf6 15. Qe2 Re8 16. Rab1 g6 17. Be4 Na5 18. Bxb7 Nxb7 19. Be3 Nd6 20. c4 Nf5 21. Red1 Qc7 22. Rbc1 Rac8 23. h3 Red8 24. g4 Nxe3 25. Qxe3 Qb7 26. h4 b5 27. g5 Bg7 28. cxb5 Qxb5 29. Qf4 Qd5 30. Kg2 Rxc1 31. Rxc1 Bxd4 32. Rc7 e5 33. Qf6 Rf8 34. h5 gxh5 35. Qf5 Qxa2 36. Nh4 Qe6 37. Qe4 Bb6 38. Rb7 f5 39. gxf6 Qg4+ 40. Qxg4+ hxg4 41. Kg3 Rxf6 42. Kxg4 Rf7 43. Rb8+ Rf8 44. Rb7 Rf4+ 45. Kh5 Bxf2 46. Ng2 Rf5+ 47. Kg4 Rf7 48. Rb8+ Kg7 49. Re8 Kf6 50. Kf3 Bd4 51. Ke4 Re7 52. Ra8 Ke6 53. Ne1 Rg7 54. Re8+ Kd7 55. Ra8 Kc6 56. Nc2 Kb7 57. Rd8 a5 58. Nxd4 exd4 59. Kxd4 Rc7 60. Rd5 Kb6 61. Rd6+ Kb5 62. Rd8 a4 63. Rb8+ Ka5 64. Ra8+ Kb4 65. Rb8+ Ka3 66. Kd3 Rc1 67. Kd2 Rh1 68. Kc2 h5 69. Rf8 h4 70. Rf3+ Ka2 71. Re3 h3 72. Rf3 h2 0-1